000 00571nam a2200181Ia 4500
003 IN-BaIIA
008 211028s9999 xx 000 0 eng d
020 _a978-0-470-03634-1
040 _cIIA Library
080 _a621.396.67(035)
_bMOD
245 0 _aModern antenna handbook
_cedited by C. A Balanis
260 _aNew Jersey
_bJohn Wiley & Sons
_c2008
300 _axviii, 1680p.
650 _aAntennas: Electronic
_932391
650 _aModern antennas - handbook
_932392
700 _aBalanis, C. A ., ed.
_932393
942 _cBK
999 _c17184
_d17184